000 00289nam a2200121Ia 4500
008 190216s9999||||xx |||||||||||||| ||und||
100 _aGoldberg R Richard
245 0 _aMethods Of Real Analysis
260 _bOxford & I B H
_c1964
300 _a353p
650 _aMathematics
942 _cBK
999 _c30814
_d30814